00633nam a22001937a 450000500170000001000150001702000260003202000230005803500140008103700130009508200080010810000260011624501010014226000450024327000560028830000220034450000490036670000240041520170328150931.0 aENG-117356 a9780199468270c950.00 a0199468273c950.00 aEN-100888 bDABD/PUB a193 aRathore, Aakash Singh aHegel's India :cby Aakash Singh Rathore [and] Rimina Mohapatraba reinterpretation,with texts / aNew DelhibOxford University Pressc2017 aYMCA Library Buiding 1 Jai SinghbNew Delhie110001 ax,310p.c23cm(Hb) aIncludes bibliographical references andindex a Mohapatra, Rimina